header

Abraham Lincoln in the post-heroic era (Record no. 7025)

MARC details
000 -LEADER
fixed length control field 02020nam a2200409 a 4500
001 - CONTROL NUMBER
control field ebr10273771
003 - CONTROL NUMBER IDENTIFIER
control field CaPaEBR
006 - FIXED-LENGTH DATA ELEMENTS--ADDITIONAL MATERIAL CHARACTERISTICS--GENERAL INFORMATION
fixed length control field m u
007 - PHYSICAL DESCRIPTION FIXED FIELD--GENERAL INFORMATION
fixed length control field cr cn|||||||||
008 - FIXED-LENGTH DATA ELEMENTS--GENERAL INFORMATION
fixed length control field 080623s2008 ilua sb 001 0beng
010 ## - LIBRARY OF CONGRESS CONTROL NUMBER
Canceled/invalid LC control number 2008026876
015 ## - NATIONAL BIBLIOGRAPHY NUMBER
National bibliography number GBA854024
Source bnb
016 7# - NATIONAL BIBLIOGRAPHIC AGENCY CONTROL NUMBER
Canceled or invalid record control number 014583597
Source Uk
020 ## - INTERNATIONAL STANDARD BOOK NUMBER
Cancelled/invalid ISBN 9780226741888 (cloth : alk. paper)
Cancelled/invalid ISBN 0226741885 (cloth : alk. paper)
040 ## - CATALOGING SOURCE
Original cataloging agency CaPaEBR
Transcribing agency CaPaEBR
035 ## - SYSTEM CONTROL NUMBER
System control number (OCoLC)309103065
043 ## - GEOGRAPHIC AREA CODE
Geographic area code n-us---
050 14 - LIBRARY OF CONGRESS CALL NUMBER
Classification number E457.2
Item number .S383 2008eb
082 04 - DEWEY DECIMAL CLASSIFICATION NUMBER
Classification number 973.7092
-- B
Edition number 22
100 1# - MAIN ENTRY--PERSONAL NAME
Personal name Schwartz, Barry,
Dates associated with a name 1938-
245 10 - TITLE STATEMENT
Title Abraham Lincoln in the post-heroic era
Medium [electronic resource] :
Remainder of title history and memory in late twentieth-century America /
Statement of responsibility, etc Barry Schwartz.
260 ## - PUBLICATION, DISTRIBUTION, ETC. (IMPRINT)
Place of publication, distribution, etc Chicago :
Name of publisher, distributor, etc University of Chicago Press,
Date of publication, distribution, etc c2008.
300 ## - PHYSICAL DESCRIPTION
Extent xvi, 394 p. :
Other physical details ill.
504 ## - BIBLIOGRAPHY, ETC. NOTE
Bibliography, etc Includes bibliographical references (p. [305]-370) and index.
505 0# - FORMATTED CONTENTS NOTE
Formatted contents note Ascension : Lincoln in the Great Depression -- Apex : Lincoln in the Second World War -- Transition : Cold War, racial conflict, and contested images of Lincoln -- Transfiguration : civil rights movement, vanishing savior of the Union -- Erosion : fading prestige, benign ridicule -- Post-heroic era : acids of equality and the waning of greatness -- Inertia : the enduring Lincoln.
533 ## - REPRODUCTION NOTE
Type of reproduction Electronic reproduction.
Place of reproduction Palo Alto, Calif. :
Agency responsible for reproduction ebrary,
Date of reproduction 2013.
Note about reproduction Available via World Wide Web.
-- Access may be limited to ebrary affiliated libraries.
600 10 - SUBJECT ADDED ENTRY--PERSONAL NAME
Personal name Lincoln, Abraham,
Dates associated with a name 1809-1865.
Personal name Lincoln, Abraham,
Dates associated with a name 1809-1865
General subdivision Public opinion.
Personal name Lincoln, Abraham,
Dates associated with a name 1809-1865
General subdivision Influence.
650 #0 - SUBJECT ADDED ENTRY--TOPICAL TERM
Topical term or geographic name as entry element Presidents
Geographic subdivision United States
Form subdivision Biography.
Topical term or geographic name as entry element Multiculturalism
Geographic subdivision United States.
651 #0 - SUBJECT ADDED ENTRY--GEOGRAPHIC NAME
Geographic name United States
General subdivision History
Chronological subdivision 20th century.
655 #7 - INDEX TERM--GENRE/FORM
Genre/form data or focus term Electronic books.
Source of term local
710 2# - ADDED ENTRY--CORPORATE NAME
Corporate name or jurisdiction name as entry element ebrary, Inc.
856 40 - ELECTRONIC LOCATION AND ACCESS
Uniform Resource Identifier <a href="http://site.ebrary.com/lib/rucke/Doc?id=10273771">http://site.ebrary.com/lib/rucke/Doc?id=10273771</a>
Public note An electronic book accessible through the World Wide Web; click to view

No items available.

© 2026 Rongo University
Contact us: librarian | system librarian | Rongo university